00329nam a2200121Ia 4500008004100000041000800041082001400049100001800063245004500081260004200126300003000168365000900198240624s9999 xx 000 0 und d aeng a332.6 MON aMONTIER JAMES aVALUE INVESTING TOOLS AND TECHNIQUES FOR c2009aNew JerseybJohn Wiley and Sons axx, : 394 : p. : cm. ; 25 cb30